| 000 | 02498cam a22005414i 4500 | ||
|---|---|---|---|
| 003 | PE-LiUPU | ||
| 005 | 20250731173150.0 | ||
| 008 | 150623s r 000 0 d | ||
| 020 | _a080109030X | ||
| 035 | _a(Sirsi) i9780801090301 | ||
| 040 |
_aPE-LiUPU _bspa _cPE-LiUPU _erda |
||
| 049 | _aPRUA | ||
| 082 | 0 | 4 |
_a264 _bH542002 _221 |
| 100 | 1 |
_aHill, Andrew E., _eautor. |
|
| 245 | 1 | 0 |
_aEnter his courts with praise! : _bOld Testment worship for the New Testament church / _cAndrew E. Hill. |
| 264 | 1 |
_aGrand Rapids, Michigan : _bBaker Books, _c2002. |
|
| 300 |
_a335 páginas ; _c23 centímetros |
||
| 336 |
_atext _2rdacontent |
||
| 337 |
_aunmediated _2rdamedia |
||
| 338 |
_avolume _2rdacarrier |
||
| 504 | _aIncluye bibliografía. | ||
| 505 | 0 | _aIncrease yur word power. The fear of the Lord is clean. From Abraham to Ezra. I will show yself holy!. Remove your sandals!. Ask now about the former days. In your name I will lift up my hands!. A priestly kingdom and holy nation. I will live with my people!. Let me live that I may praise you!. Play skillfully on the strings!. A shadow of the good things to come. | |
| 526 | _aSEG42 | ||
| 526 | _aSEG41 | ||
| 526 | _aSEG40 | ||
| 526 | _aSEG39 | ||
| 526 | _aP94 | ||
| 526 | _aP87 | ||
| 526 | _aP86 | ||
| 526 | _aP85 | ||
| 526 | _aP77 | ||
| 526 | _aP76 | ||
| 526 | _aP35 | ||
| 650 | 0 | 4 | _aAdoración cristiana. |
| 650 | 0 | 4 | _aCulto y adoración. |
| 942 |
_2ddc _cBOOK |
||
| 949 |
_a264 H54 2002 _wDEWEY _c1 _i44782 _lCCODEBUL1 _mBUL _r0 _sY _tBOOK _u2015-6-24 _xTEOLOGIA _PP35 _0COMPRA _o.STAFF. Colección General |
||
| 949 |
_a264 H54 2002 _wDEWEY _c2 _i45781 _lCCODEBUL1 _mBUL _r0 _sY _tBOOK _u2015-6-24 _xTEOLOGIA _PP35 _0COMPRA _o.STAFF. Colección General |
||
| 949 |
_a264 H54 2002 _wDEWEY _c3 _i53426 _lCCODEBUL1 _mBUL _p25.00 _r0 _sY _tBOOK _u2015-6-24 _xTEOLOGIA _PP35 _0COMPRA _o.STAFF. Colección General |
||
| 994 |
_aC0 _bPEPRU |
||
| 596 | _a1 | ||
| 999 |
_a264 H54 2002 _wDEWEY _c35398 _i44782 _f2021-11-10 _g5 _lCCODEBUL1 _mBUL _r0 _sY _tBOOK _u2015-6-24 _xTEOLOGIA _PP35 _0COMPRA _o.STAFF. Colección General _d35398 |
||
| 999 |
_a264 H54 2002 _wDEWEY _c2 _i45781 _f2021-11-10 _g5 _lCCODEBUL1 _mBUL _r0 _sY _tBOOK _u2015-6-24 _xTEOLOGIA _PP35 _0COMPRA _o.STAFF. Colección General |
||
| 999 |
_a264 H54 2002 _wDEWEY _c3 _i53426 _f2021-11-10 _g5 _lCCODEBUL1 _mBUL _p25.00 _r0 _sY _tBOOK _u2015-6-24 _xTEOLOGIA _PP35 _0COMPRA _o.STAFF. Colección General |
||
| 980 |
_81 _gALBERTO SANCHEZ Responsable de Automatización |
||